Cómo escuchar la música
Guardat en:
| Autor principal: | |
|---|---|
| Format: | Llibre |
| Idioma: | espanyol |
| Publicat: |
Bogotá
Fondo de Cultura Económica
1994
|
| Edició: | 2a. ed |
| Col·lecció: | Breviarios del Fondo de Cultura Económica, 101
|
| Matèries: | |
| Etiquetes: |
Afegir etiqueta
Sense etiquetes, Sigues el primer a etiquetar aquest registre!
|
MARC
| LEADER | 00000nam a2200000 a 4500 | ||
|---|---|---|---|
| 001 | UCQ8172 | ||
| 003 | CL-VaPUC | ||
| 005 | 20241025152944.0 | ||
| 008 | 981127e19940000CK |||||||||||||||||spa|d | ||
| 999 | |c 277466 |d 277464 | ||
| 040 | |c Pontificia Universidad Católica de Valparaíso | ||
| 082 | 0 | 4 | |a 781.424 |b COP |2 21 |
| 100 | 0 | |a Copland, Aaron |e author |9 421994 | |
| 245 | 1 | 0 | |a Cómo escuchar la música |
| 250 | |a 2a. ed | ||
| 260 | |a Bogotá |b Fondo de Cultura Económica |c 1994 | ||
| 300 | |a 284 p | ||
| 490 | 0 | |a Breviarios del Fondo de Cultura Económica, 101 | |
| 583 | |a last modification |c 19981127 00:00:00 |k Rodrigo Vera | ||
| 650 | 0 | |a Música |9 306269 | |
| 650 | 0 | |a Enseñanza de la música |9 339802 | |
| 650 | 0 | |a Elementos musicales |9 306544 | |
| 650 | 0 | |a Formas musicales |9 306416 | |
| 650 | 0 | |a Ritmo |9 306417 | |
| 650 | 0 | |a Armonía |9 306328 | |
| 650 | 0 | |a Melodía |9 416978 | |
| 942 | |c BK |2 ddc | ||
| 945 | |d 19981127 00:00:00 |a aarredon | ||